Communication skills handbook

Salvato in:
Dettagli Bibliografici
Autore principale: Summers, Jane
Natura: Libro
Lingua:Undetermined
Pubblicazione: Melbourne John Wiley & Sons Australia, Ltd 2006
Soggetti:
Tags: Aggiungi Tag
Nessun Tag, puoi essere il primo ad aggiungerne! !
Thư viện lưu trữ: Trung tâm Học liệu Trường Đại học Cần Thơ
LEADER 00583nam a2200193Ia 4500
001 CTU_100090
008 210402s9999 xx 000 0 und d
020 |c 271000 
082 |a 651.721 
082 |b S955 
100 |a Summers, Jane 
245 0 |a Communication skills handbook 
245 0 |c Jane Summers, Brett Smith 
260 |a Melbourne 
260 |b John Wiley & Sons Australia, Ltd 
260 |c 2006 
650 |a Business communication,Commercial correspondence,Public speaking,Listening 
904 |i Hiếu 
980 |a Trung tâm Học liệu Trường Đại học Cần Thơ